<?xml version="1.0" encoding="UTF-8"?>
<record
    xmlns:xsi="http://www.w3.org/2001/XMLSchema-instance"
    xsi:schemaLocation="http://www.loc.gov/MARC21/slim http://www.loc.gov/standards/marcxml/schema/MARC21slim.xsd"
    xmlns="http://www.loc.gov/MARC21/slim">

  <leader>01388nam a22002777a 4500</leader>
  <controlfield tag="001">8697</controlfield>
  <controlfield tag="003">FISKH</controlfield>
  <controlfield tag="005">20251016101316.0</controlfield>
  <controlfield tag="008">251010b        cb ||||| |||| 00| 0 eng d</controlfield>
  <datafield tag="040" ind1=" " ind2=" ">
    <subfield code="a">FISKH</subfield>
    <subfield code="b">khr</subfield>
    <subfield code="c">FISKH</subfield>
    <subfield code="d">FISKH</subfield>
  </datafield>
  <datafield tag="050" ind1=" " ind2=" ">
    <subfield code="a">PZ7</subfield>
  </datafield>
  <datafield tag="082" ind1=" " ind2=" ">
    <subfield code="a">394.26</subfield>
  </datafield>
  <datafield tag="100" ind1=" " ind2=" ">
    <subfield code="a">Ministry of Education, Youth and Sport</subfield>
  </datafield>
  <datafield tag="245" ind1=" " ind2=" ">
    <subfield code="a">&#x1791;&#x17C5;&#x179B;&#x17C1;&#x1784;&#x1794;&#x17BB;&#x178E;&#x17D2;&#x1799; /</subfield>
    <subfield code="c">&#x1780;&#x17D2;&#x179A;&#x179F;&#x17BD;&#x1784;&#x17A2;&#x1794;&#x17CB;&#x179A;&#x17C6; &#x1799;&#x17BB;&#x179C;&#x1787;&#x1793; &#x1793;&#x17B7;&#x1784;&#x1780;&#x17B8;&#x17A1;&#x17B6;</subfield>
  </datafield>
  <datafield tag="260" ind1=" " ind2=" ">
    <subfield code="a">Phnom Penh : </subfield>
    <subfield code="b"> &#x1780;&#x17B7;&#x1785;&#x17D2;&#x1785;&#x179F;&#x17A0;&#x1794;&#x17D2;&#x179A;&#x178F;&#x17B7;&#x1794;&#x178F;&#x17D2;&#x178F;&#x17B7;&#x1780;&#x17B6;&#x179A;&#x17A2;&#x1797;&#x17B7;&#x179C;&#x178C;&#x17D2;&#x178D;&#x1793;&#x17CD;&#x1794;&#x17CA;&#x17C2;&#x179B;&#x17A0;&#x17D2;&#x179F;&#x17CA;&#x17B7;&#x1780; ,</subfield>
    <subfield code="c">2009. </subfield>
  </datafield>
  <datafield tag="300" ind1=" " ind2=" ">
    <subfield code="a">16 pages : </subfield>
    <subfield code="b">color illustrations ; </subfield>
    <subfield code="c">25 cm . </subfield>
  </datafield>
  <datafield tag="505" ind1=" " ind2=" ">
    <subfield code="a">F 
</subfield>
  </datafield>
  <datafield tag="520" ind1=" " ind2=" ">
    <subfield code="a">&#x1782;&#x17D2;&#x179A;&#x17BD;&#x179F;&#x17B6;&#x179A;&#x1781;&#x17D2;&#x1798;&#x17C2;&#x179A;&#x1798;&#x17BD;&#x1799;&#x1794;&#x17B6;&#x1793;&#x1791;&#x17C5;&#x179C;&#x178F;&#x17D2;&#x178F;&#x178A;&#x17BE;&#x1798;&#x17D2;&#x1794;&#x17B8;&#x17A2;&#x1794;&#x17A2;&#x179A;&#x179F;&#x17B6;&#x1791;&#x179A;&#x1786;&#x17D2;&#x1793;&#x17B6;&#x17C6;&#x1790;&#x17D2;&#x1798;&#x17B8;&#x1781;&#x17D2;&#x1798;&#x17C2;&#x179A; &#x1793;&#x17B7;&#x1784;&#x17A2;&#x17C6;&#x1796;&#x17B8;&#x17A2;&#x17D2;&#x179C;&#x17B8;&#x17D7;&#x178A;&#x17C2;&#x179B;&#x1780;&#x17BB;&#x1798;&#x17B6;&#x179A;&#x1785;&#x17BC;&#x179B;&#x1785;&#x17B7;&#x178F;&#x17D2;&#x178F; &#x1793;&#x17B7;&#x1784;&#x1798;&#x17B7;&#x1793;&#x1785;&#x17BC;&#x179B;&#x1785;&#x17B7;&#x178F;&#x17D2;&#x178F;&#x1792;&#x17D2;&#x179C;&#x17BE;&#x17D4;</subfield>
  </datafield>
  <datafield tag="520" ind1=" " ind2=" ">
    <subfield code="a">A Khmer family go to the temple to celebrate Khmer New Year and the things the children like and don't like to do . </subfield>
  </datafield>
  <datafield tag="521" ind1="8" ind2=" ">
    <subfield code="a">300 
</subfield>
    <subfield code="b">Lexile </subfield>
  </datafield>
  <datafield tag="521" ind1="8" ind2=" ">
    <subfield code="a">F 
</subfield>
    <subfield code="b">Raz-Plus 
</subfield>
  </datafield>
  <datafield tag="650" ind1=" " ind2=" ">
    <subfield code="a">&#x1791;&#x17C5;&#x179B;&#x17C1;&#x1784;&#x1794;&#x17BB;&#x178E;&#x17D2;&#x1799;</subfield>
    <subfield code="v">&#x179A;&#x17BF;&#x1784;&#x1793;&#x17B8;&#x1791;&#x17B6;&#x1793;&#x1780;&#x17BB;&#x1798;&#x17B6;&#x179A;</subfield>
  </datafield>
  <datafield tag="650" ind1=" " ind2=" ">
    <subfield code="a"> Going to the festival</subfield>
    <subfield code="v">Children's Stories </subfield>
  </datafield>
  <datafield tag="942" ind1=" " ind2=" ">
    <subfield code="2">ddc</subfield>
    <subfield code="c">KHB</subfield>
    <subfield code="n">0</subfield>
  </datafield>
  <datafield tag="999" ind1=" " ind2=" ">
    <subfield code="c">8697</subfield>
    <subfield code="d">8697</subfield>
  </datafield>
  <datafield tag="952" ind1=" " ind2=" ">
    <subfield code="0">0</subfield>
    <subfield code="1">0</subfield>
    <subfield code="2">ddc</subfield>
    <subfield code="4">0</subfield>
    <subfield code="7">0</subfield>
    <subfield code="8">KH</subfield>
    <subfield code="a">002</subfield>
    <subfield code="b">002</subfield>
    <subfield code="c">TTP Khmer</subfield>
    <subfield code="d">2025-10-10</subfield>
    <subfield code="l">1</subfield>
    <subfield code="o">MIN PZ7 394.26</subfield>
    <subfield code="p">FISBK04069</subfield>
    <subfield code="r">2025-10-16 10:11:47</subfield>
    <subfield code="s">2025-10-16</subfield>
    <subfield code="t">1</subfield>
    <subfield code="w">2025-10-10</subfield>
    <subfield code="y">KHB</subfield>
  </datafield>
  <datafield tag="952" ind1=" " ind2=" ">
    <subfield code="0">0</subfield>
    <subfield code="1">0</subfield>
    <subfield code="2">ddc</subfield>
    <subfield code="4">0</subfield>
    <subfield code="7">0</subfield>
    <subfield code="8">KH</subfield>
    <subfield code="a">002</subfield>
    <subfield code="b">002</subfield>
    <subfield code="c">TTP Khmer</subfield>
    <subfield code="d">2025-10-10</subfield>
    <subfield code="l">1</subfield>
    <subfield code="o">MIN PZ7 394.26</subfield>
    <subfield code="p">FISBK04030</subfield>
    <subfield code="r">2025-10-24 09:39:38</subfield>
    <subfield code="s">2025-10-17</subfield>
    <subfield code="t">2</subfield>
    <subfield code="w">2025-10-10</subfield>
    <subfield code="y">KHB</subfield>
  </datafield>
  <datafield tag="952" ind1=" " ind2=" ">
    <subfield code="0">0</subfield>
    <subfield code="1">0</subfield>
    <subfield code="2">ddc</subfield>
    <subfield code="4">0</subfield>
    <subfield code="7">0</subfield>
    <subfield code="8">KH</subfield>
    <subfield code="a">002</subfield>
    <subfield code="b">002</subfield>
    <subfield code="c">TTP Khmer</subfield>
    <subfield code="d">2025-10-10</subfield>
    <subfield code="l">1</subfield>
    <subfield code="o">MIN PZ7 394.26</subfield>
    <subfield code="p">FISBK04061</subfield>
    <subfield code="q">2025-11-05</subfield>
    <subfield code="r">2025-10-22 15:25:16</subfield>
    <subfield code="s">2025-10-22</subfield>
    <subfield code="t">3</subfield>
    <subfield code="w">2025-10-10</subfield>
    <subfield code="y">KHB</subfield>
  </datafield>
  <datafield tag="952" ind1=" " ind2=" ">
    <subfield code="0">0</subfield>
    <subfield code="1">0</subfield>
    <subfield code="2">ddc</subfield>
    <subfield code="4">0</subfield>
    <subfield code="7">0</subfield>
    <subfield code="8">KH</subfield>
    <subfield code="a">002</subfield>
    <subfield code="b">002</subfield>
    <subfield code="c">TTP Khmer</subfield>
    <subfield code="d">2025-10-24</subfield>
    <subfield code="l">0</subfield>
    <subfield code="o">MIN PZ7 394.26</subfield>
    <subfield code="p">FISBK04001</subfield>
    <subfield code="r">2025-10-24 15:16:01</subfield>
    <subfield code="t">4</subfield>
    <subfield code="w">2025-10-24</subfield>
    <subfield code="y">KHB</subfield>
  </datafield>
  <datafield tag="952" ind1=" " ind2=" ">
    <subfield code="0">0</subfield>
    <subfield code="1">0</subfield>
    <subfield code="2">ddc</subfield>
    <subfield code="4">0</subfield>
    <subfield code="7">0</subfield>
    <subfield code="8">KH</subfield>
    <subfield code="a">002</subfield>
    <subfield code="b">002</subfield>
    <subfield code="c">TTP Khmer</subfield>
    <subfield code="d">2025-11-11</subfield>
    <subfield code="l">0</subfield>
    <subfield code="o">MIN PZ7 394.26</subfield>
    <subfield code="p">FISBK04036</subfield>
    <subfield code="r">2025-11-11 14:53:12</subfield>
    <subfield code="t">5</subfield>
    <subfield code="w">2025-11-11</subfield>
    <subfield code="y">KHB</subfield>
  </datafield>
  <datafield tag="952" ind1=" " ind2=" ">
    <subfield code="0">0</subfield>
    <subfield code="1">0</subfield>
    <subfield code="2">ddc</subfield>
    <subfield code="4">0</subfield>
    <subfield code="7">0</subfield>
    <subfield code="8">KH</subfield>
    <subfield code="a">002</subfield>
    <subfield code="b">002</subfield>
    <subfield code="c">TTP Khmer</subfield>
    <subfield code="d">2026-03-23</subfield>
    <subfield code="l">0</subfield>
    <subfield code="o">MIN PZ7 394.26</subfield>
    <subfield code="p">FISBK04031</subfield>
    <subfield code="r">2026-03-23 12:05:17</subfield>
    <subfield code="t">6</subfield>
    <subfield code="w">2026-03-23</subfield>
    <subfield code="y">KHB</subfield>
  </datafield>
  <datafield tag="952" ind1=" " ind2=" ">
    <subfield code="0">0</subfield>
    <subfield code="1">0</subfield>
    <subfield code="2">ddc</subfield>
    <subfield code="4">0</subfield>
    <subfield code="7">0</subfield>
    <subfield code="8">KH</subfield>
    <subfield code="a">002</subfield>
    <subfield code="b">002</subfield>
    <subfield code="c">TTP Khmer</subfield>
    <subfield code="d">2026-04-22</subfield>
    <subfield code="l">0</subfield>
    <subfield code="o">MIN PZ7 394.26</subfield>
    <subfield code="p">FISBK04043</subfield>
    <subfield code="r">2026-04-22 12:10:36</subfield>
    <subfield code="t">7</subfield>
    <subfield code="w">2026-04-22</subfield>
    <subfield code="y">KHB</subfield>
  </datafield>
</record>
